000 00504nam a22001697a 4500
005 20251108170943.0
008 250721s9999 xx 000 0 ara d
082 1 4 _aم/811.4/صاو
100 1 _aالصاوي، محمد إسماعيل عبد الله
245 1 0 _aشرح ديوان جرير /
264 1 _aبيروت :
_bدار مكتبة الحياة،
_c[19-].
300 _aج
650 1 7 _aالشعر العربي
650 1 7 _aالعصر الأموي
942 _2ddc
_cREF
999 _c52951
_d52951